{"text_format":"3","workbook":"xlsx","n_sheets":1,"sheets":["Sheet1"],"read":"whole","date_system":"1900"}

{"sheet":"Sheet1","index":0,"n_rows":29,"n_cols":12,"rows_kept":29,"merged":[[0,0,0,7],[1,0,3,0],[1,1,3,1],[1,2,3,2],[1,3,3,3],[1,4,3,5],[1,6,3,7],[1,8,3,8],[1,9,3,9],[1,10,3,10],[1,11,3,11],[4,4,4,5],[4,6,4,7],[5,4,5,5],[5,6,5,7],[6,4,6,5],[6,6,6,7],[7,4,7,5],[7,6,7,7],[8,4,8,5],[8,6,8,7],[9,4,9,5],[9,6,9,7],[10,4,10,5],[10,6,10,7],[11,4,11,5],[11,6,11,7],[12,4,12,5],[12,6,12,7],[13,4,13,5],[13,6,13,7],[14,4,14,5],[14,6,14,7],[15,4,15,5],[15,6,15,7],[16,4,16,5],[16,6,16,7],[17,4,17,5],[17,6,17,7],[18,4,18,5],[18,6,18,7],[19,4,19,5],[19,6,19,7],[20,4,20,5],[20,6,20,7],[21,4,21,5],[21,6,21,7],[22,4,22,5],[22,6,22,7],[23,4,23,5],[23,6,23,7],[24,4,24,5],[24,6,24,7],[25,4,25,5],[25,6,25,7],[26,6,26,7],[27,4,27,5],[27,6,27,7],[28,6,28,7],[31,0,32,7],[33,0,34,7],[35,0,36,7]]}
["苍坪山和青鼻山隧道提升项目灯光材料采购控制价清单","","","","","","",""]
["序号","名称","规格型号","单位","工程量",null,"不含税控制单价(元)",null,"合计","不含税报价(元)","合计总价（元）","备注"]
[null,"","","","",""]
[null,"","","","",""]
[" ","苍坪山隧道"," "," "," ",null," "]
[1,"电缆 YJV-3*6","1.电缆 YJV-3*6\n2.规格、型号：YJV-0.6/1KV-3*6\n3.材质：铜芯\n4.敷设方式：穿管\n5.其它满足规范及验收要求","m",700,null,20,null,{"$f":"E6*G6","v":14000}]
[2,"电缆终端头 三芯 截面面积（mm2） ≤35","1.名称：电缆终端头 三芯 截面面积（mm2） ≤35\r\n2.型号、规格、电压等级（kV）：三芯 终端头≤1kV 截面≤35mm2\r\n3.制作安装\r\n4.其它满足规范及验收要求","个",76,null,40.5,4408,{"$f":"E7*G7","v":3078}]
[3,"配管 SC32","1.名称：配管 SC32\n2.材质：PVC \n3.规格：SC32\n4.配置形式：暗敷 \n5.其他：满足设计、施工及验收规范要求","m",600,null,25,19800,{"$f":"E8*G8","v":15000}]
[4,"地埋灯（LED）3W","1.名称、型号、规格：地埋灯（LED）3W\r\n2.安装形式：埋地安装\r\n3.符合设计及规范要求","套",76,null,108,10640,8208]
[5,"隧道灯（LED）80W","1.名称、型号、规格：隧道灯（LED）80W\r\n2.安装形式：吸顶安装\r\n3.符合设计及规范要求","套","48",null,580,28800,27840]
[6,"隧道灯（LED）100W","1.名称、型号、规格：隧道灯（LED）100W\r\n2.安装形式：吸顶安装\r\n3.符合设计及规范要求","套","28",null,760,22120,21280]
[7,"隧道灯（LED）140W","1.名称、型号、规格：隧道灯（LED）140W\r\n2.安装形式：吸顶安装\r\n3.符合设计及规范要求","套","44",null,870,38720,38280]
[8,"路面开槽","透水混凝土路面，尺寸100*100mm，只开槽，不恢复。","m",500,null,65,30000,32500]
[" ","分部小计"," "," "," ",{"$nulls":3},{"$f":"SUM(I6:I13)","v":160186}]
[" ","青鼻山隧道"," "," "," "]
[9,"隧道LED灯带 15m*12W","1.名称：隧道LED灯带 15m*12W \r\n2.型号、规格：15m*12W ，软灯带+防护套管+铜支架，60颗灯珠/米，具体详设计\r\n3.其它：满足规范及验收要求","套","28",null,505,12600,{"$f":"E16*G16","v":14140}]
[10,"超五类(屏蔽)线","1.名称：超五类(屏蔽)线\r\n2.敷设方式：管内敷设\r\n3.其他：满足规范要求","m",650,null,3,9750,{"$f":"E17*G17","v":1950}]
[11,"隧道LED灯带配电箱 ALx","1.名称：隧道LED灯带配电箱 ALx\r\n2.型号、规格：详设计系统图\r\n3.安装方式：底边距地1.5米\r\n4.支架制作安装综合考虑\r\n5.含箱体安装、开孔、盘柜防火、堵洞、接地\r\n6.含元器件调试\r\n7.其它：满足设计规范及施工验收规范要求","台","1",null,2900,3000,2900]
[12,"LED主控制器","1.名称：LED主控制器\r\n2.型号、规格：符合要求\r\n3.其它：满足设计规范及施工验收规范要求","台","1",null,280,2200,280]
[13,"LED灯带分控制器","1.名称：LED灯带分控制器\r\n2.型号、规格：符合要求\r\n3.其它：满足设计规范及施工验收规范要求","台","4",null,230,4400,920]
[14,"电缆 YJV-3*6","1.电缆 YJV-3*6\n2.规格、型号：YJV-0.6/1KV-3*6\n3.材质：铜芯\n4.敷设方式：穿管\n5.其它满足规范及验收要求","m",650,null,20,18200,13000]
[15,"电缆终端头 三芯 截面面积（mm2） ≤35","1.名称：电缆终端头 三芯 截面面积（mm2） ≤35\r\n2.型号、规格、电压等级（kV）：三芯 终端头≤1kV 截面≤35mm2\r\n3.制作安装\r\n4.其它满足规范及验收要求","个",28,null,40.5,1624,1134]
[16,"配管 PC20","1.名称：配管 PC25 \n2.材质：阻燃型半硬塑料软管 \n3.规格：PC25\n4.配置形式：明敷 \n5.其他：满足设计、施工及验收规范要求","m",140,null,12,4060,1680]
[17,"配线 RVV 2*2.5","1.名称：配线 RVV 2*2.5\r\n2.规格、型号：RVV 2*2.5mm2\r\n3.材质：铜芯\r\n4.配线形式：管内穿线\r\n5.其它：满足设计规范、施工规范及本项目招标技术要求","m",650,null,10,9750,6500]
[18,"塑料接线盒","1.名称：塑料接线盒\r\n2.规格：86\r\n3.安装形式：明装\r\n4.其它：含白面板材料及安装，满足相关规范要求","个","28",null,8,728,224]
[null,"分部小计",{"$nulls":6},{"$f":"SUM(I16:I25)","v":42728}]
[null,"不含税合计",{"$nulls":6},{"$f":"I26+I14","v":202914}]
[null,"税率"]
[null,"合计"]